Normal view
MARC view
- Zareen Gull
Entry Personal Name
001 - CONTROL NUMBER
- control field: 41352
003 - CONTROL NUMBER IDENTIFIER
- control field: NUST
005 - DATE AND TIME OF LATEST TRANSACTION
- control field: 20210314132031.0
008 - FIXED-LENGTH DATA ELEMENTS
- fixed length control field: 210314|| aca||aabn | a|a d
040 ## - CATALOGING SOURCE
- Original cataloging agency: NUST
- Transcribing agency: NUST
100 ## - HEADING--PERSONAL NAME
- Personal name: Zareen Gull
670 ## - SOURCE DATA FOUND
- Source citation: Work cat.: (NUST): Zareen Gull, پانی، بجلی اور گیس کے چند مسائل, 199
